Trạng thái mua hàng : Khoa học thôi miên mới trong kinh doanh và tiếp thị = Buying trances: a new psychology of sales and marketing

Bao gồm những chiến lược, chiến thuật, thông điệp kinh doanh để thuyết phục khách hàng bằng cách phân tích trạng thái tâm lý và cảm xúc, dẫn dắt khách hàng

محفوظ في:
التفاصيل البيبلوغرافية
المؤلف الرئيسي: Vitale, Joe
التنسيق: كتاب
اللغة:Undetermined
منشور في: Hà Nội Nxb. Thông tin và Truyền thông 2014
الموضوعات:
الوسوم: إضافة وسم
لا توجد وسوم, كن أول من يضع وسما على هذه التسجيلة!
Thư viện lưu trữ: Trung tâm Học liệu Trường Đại học Cần Thơ
LEADER 01053nam a2200229Ia 4500
001 CTU_203967
008 210402s9999 xx 000 0 und d
020 |c 119000 
082 |a 658.80019 
082 |b V836 
100 |a Vitale, Joe 
245 0 |a Trạng thái mua hàng : 
245 0 |b Khoa học thôi miên mới trong kinh doanh và tiếp thị = Buying trances: a new psychology of sales and marketing 
245 0 |c Joe Vitale ; Trần Phi Hùng Anh, Trần Thị Nguyên Hương (dịch) 
260 |a Hà Nội 
260 |b Nxb. Thông tin và Truyền thông 
260 |c 2014 
520 |a Bao gồm những chiến lược, chiến thuật, thông điệp kinh doanh để thuyết phục khách hàng bằng cách phân tích trạng thái tâm lý và cảm xúc, dẫn dắt khách hàng 
650 |a Selling,Bán hàng 
650 |x Psychological aspects,Khía cạnh tâm lý 
904 |i Hải 
980 |a Trung tâm Học liệu Trường Đại học Cần Thơ